MCTS self-paced training kit (exam 70-505) : (Record no. 37654)

MARC details
000 -LEADER
fixed length control field 00832nam a22002057a 4500
005 - DATE AND TIME OF LATEST TRANSACTION
control field 20100726115218.0
010 ## - LCCN (DPL NO)
LC control number ENG-96568
020 ## - INTERNATIONAL STANDARD BOOK NUMBER
International Standard Book Number 9788120338999
Terms of availability 695.00
035 ## - SYSTEM CONTROL NUMBER
System control number EN-81101
037 ## - SOURCE OF ACQUISITION
Source of stock number/acquisition DBAD/PUB
082 ## - DEWEY DECIMAL CLASSIFICATION NUMBER
Classification number 005.2768076
100 ## - MAIN ENTRY--PERSONAL NAME
Personal name Stoecker, Matthew A.
245 ## - TITLE STATEMENT
Title MCTS self-paced training kit (exam 70-505) :
Statement of responsibility, etc by Matthew A. Stoecker
Remainder of title Microsoft. NET framework 3.5-Windows form application development /
260 ## - PUBLICATION, DISTRIBUTION, ETC. (IMPRINT)
Place of publication, distribution, etc New Delhi
Name of publisher, distributor, etc PHI Learning
Date of publication, distribution, etc 2009
270 ## - ADDRESS
Address M-97, Connought Circus
City New Delhi
Postal code 110001
300 ## - PHYSICAL DESCRIPTION
Extent xxv,783p.
Dimensions 23cm (Hb)
Accompanying material 1 CD-ROM
500 ## - GENERAL NOTE
General note Includes index
942 ## - ADDED ENTRY ELEMENTS (KOHA)
Source of classification or shelving scheme Dewey Decimal Classification
Item type English Books
Classification part 005.2768076
Call number suffix STO
Holdings
Withdrawn status Lost status Not for loan Collection code Home library Current library Date acquired Source of acquisition Cost, normal purchase price Full call number Barcode Copy number Cost, replacement price Koha item type
    Not For Loan Non-fiction D.B.Act.Division D.B.Act.Division 26/07/2010 DBAD/PUB 695.00 005.2768076 STO EN-80101 1 695.00 English Books

© Delhi Public Library
Hit Counter
free hit counter